00864nam a2200217 a 450000100100000000500170001000800410002704000250006808200150009310000270010824501480013526000760028330000270035949000280038670000270041470000300044183000350047104900090050695201140051599900170062900002845020210625144102.0110408s1987 dr a 000 0 spa d aDO-SdBNPbspacBNPHU axxxbT266b1 aTejada, Darío91872210aBalance de una huelga :banalísis y cronología de una huelga del 28 de julio de 1987 /cDarío Tejada, Benito A. Cruz y Carlos Villaverde. aSanto Domingo :bCentro Dominiano de Estudios de la Educación,c1987. a66 p. :bil. ;c21 cm.1 aAnálisis de coyuntura1 aCruz, Benito A.9554111 aVillaverde, Carlos955412 0aAnálisis de coyuntura955413 aBNPD 00107-18PDaPDbPDcOId2011-04-08iLF1l0oxxx T266bp28450-10r2020-06-25w2020-06-25yLFPDZNo se presta c27942d27942